Normal view
MARC view
- SANAAN HAIDER
Entry Personal Name
001 - CONTROL NUMBER
- control field: 69865
003 - CONTROL NUMBER IDENTIFIER
- control field: NUST
005 - DATE AND TIME OF LATEST TRANSACTION
- control field: 20210628204317.0
008 - FIXED-LENGTH DATA ELEMENTS
- fixed length control field: 210628|| aca||aabn | a|a d
040 ## - CATALOGING SOURCE
- Original cataloging agency: NUST
- Transcribing agency: NUST
100 ## - HEADING--PERSONAL NAME
- Personal name: SANAAN HAIDER
670 ## - SOURCE DATA FOUND
- Source citation: Work cat.: (NUST): SANAAN HAIDER, TH-SOF-1636-Resonant Behavior Analysis of Split-Ring Resonator Due to Positional Change of Dielectric Material, 2019
